Efecto de la cobertura de Vicia villosa pura o asociada con cereales de invierno sobre el rendimiento del maíz bajo riego /

Guardado en:
Autor Principal: Gutiérrez, José Fernando.
Autor Corporativo: Universidad Nacional del Sur. Departamento de Agronomía.
Otros Autores: Cantamutto, Miguel A., (tutor.)
Formato: Libro
Idioma:Spanish
Publicado: Bahía Blanca, 2011.
Etiquetas: Agregar Etiqueta
Sin Etiquetas, Sea el primero en etiquetar este registro!
LEADER 00772nam a22001695a 4500
001 EEA.libagro008482
005 20170928132507.0
008 130809s2011####ag#a##########000#0#spa#d
082 0 4 |a 631.87 
100 1 |a Gutiérrez, José Fernando. 
245 1 0 |a Efecto de la cobertura de Vicia villosa pura o asociada con cereales de invierno sobre el rendimiento del maíz bajo riego /  |c José Fernando Gutiérrez. 
260 |a Bahía Blanca,  |c 2011. 
300 |a 30 h. :  |b il. ;  |c 30 cm. 
500 |a Trabajo de intensificación (Ingeniero Agrónomo) -- Universidad Nacional del Sur. Departamento de Agronomía, 2011. 
700 1 |a Cantamutto, Miguel A.,  |e tutor. 
710 2 |a Universidad Nacional del Sur.  |b Departamento de Agronomía. 
859 |a AR-BbBCA  |b BIB. AGRONOMIA  |h 631.87  |i G984  |p 2011/5895